| 000 -LEADER |
| fixed length control field |
00873nam a22001817a 4500 |
| 005 - DATE AND TIME OF LATEST TRANSACTION |
| control field |
20240109141135.0 |
| 008 - FIXED-LENGTH DATA ELEMENTS--GENERAL INFORMATION |
| fixed length control field |
240109s1955 ru ||||| |||| 00| 0 rus d |
| 041 ## - LANGUAGE CODE |
| Language code of text/sound track or separate title |
rus |
| 080 ## - UNIVERSAL DECIMAL CLASSIFICATION NUMBER |
| Universal Decimal Classification number |
821(03) T-41 |
| 100 ## - MAIN ENTRY--PERSONAL NAME |
| Personal name |
Тимофеев, Л. |
| 9 (RLIN) |
20979 |
| 245 ## - TITLE STATEMENT |
| Title |
Краткий словарь литературоведческих терминов : |
| Remainder of title |
Пособ. для учащ. ср. шк. / |
| Statement of responsibility, etc. |
Л. Тимофеев и Н. Венгров; Под ред. Л.И. Тимофеева. |
| 264 ## - PRODUCTION, PUBLICATION, DISTRIBUTION, MANUFACTURE, AND COPYRIGHT NOTICE |
| Place of production, publication, distribution, manufacture |
М. : |
| Name of producer, publisher, distributor, manufacturer |
Гос. учеб.-пед. издат-во, |
| Date of production, publication, distribution, manufacture, or copyright notice |
1952. |
| 300 ## - PHYSICAL DESCRIPTION |
| Extent |
157с. ; |
| Other physical details |
20 см. |
| 653 ## - INDEX TERM--UNCONTROLLED |
| keyword |
ლიტერატურული ტერმინების მოკლე ლექსიკონი |
| 700 ## - ADDED ENTRY--PERSONAL NAME |
| Personal name |
Венгров, Н. |
| Relator term |
ავტორი |
| 9 (RLIN) |
20980 |
| 700 ## - ADDED ENTRY--PERSONAL NAME |
| Personal name |
Тимофеева, Л.И. |
| Relator term |
რედაქტორი |
| 9 (RLIN) |
20981 |
| 942 ## - ADDED ENTRY ELEMENTS (KOHA) |
| Source of classification or shelving scheme |
|
| Koha item type |
წიგნი |